000
00290nam a22001337a 4500
008
180302b xxu||||| |||| 00| 0 eng d
020
_a
9780465026838
041
_a
eng
080
_a
32
100
_a
20
101
_a
POL
245
_a
Government by choice
_c
Caughey,E.P
942
_2
udc
_c
BK
999
_c
43991
_d
43991